Statistiques concernant Personnages de Mortal Kombat X

Cliquez ici pour prendre le quiz!

Statistiques générales

  • Ce quiz a été pris 212 fois
  • Le résultat moyen est 23 sur 37

Statistiques - réponses

IndicesPersonnages% Correct
Cyborg refroidiCyber Sub-Zero
94%
Dernier membre des Shirai RyuScorpion
94%
Cryomancien du Lin KueiSub-Zero
94%
Dieu du TonerreRaiden
88%
Star du cinémaJohnny Cage
85%
Combattant aux bras cybernétiquesJax
82%
Grand Champion du Mortal KombatLiu Kang
81%
Edenienne, fille adoptive de Shao KahnKitana
80%
Saurien acideReptile
76%
Fille de cascadeurCassie Cage
75%
Clone TarkatanMileena
74%
Membre de la Société du Lotus BlancKung Lao
72%
Generale de l'OIASonya Blade
72%
Mercenaire à l'oeil bioniqueKano
69%
XenomorpheAlien
65%
Prince des ShokanGoro
64%
Guerrier aveugleKenshi
64%
Ninja aux centaines d'âmesErmac
61%
Cyborg enfuméSmoke
59%
Cyborg jauneCyrax
58%
Tueur de Crystal LakeJason Voorhees
57%
Fine gâchetteErron Black
56%
Sorcier du Royaume NetherQuan Chi
55%
Osh-Tekk nouvel empereur d'Outre-MondeKotal Kahn
53%
Ancien Dieu déchuShinnok
52%
Psychopate au visage de cuirLeatherface
51%
Kytinn ultra-agressiveD'Vorah
49%
Vieux maître obèseBo' Rai Cho
47%
Cyborg rougeSektor
45%
Fille du combattant ci-dessusJacqui Briggs
44%
Archer, cousin de Kung LaoKung Jin
44%
YautjaPredator
44%
Edenienne pyrokinésisteTanya
43%
Petite guerrière et géant stupideFerra & Torr
42%
Ninja maniant l'élément TerreTremor
40%
Membre cybernétique du Lin KueiTriborg
35%
Dernier disciple d'Hanzo HasashiTakeda Takahashi
18%

Distribution des résultats

Percentile par nombre de réponses

% des personnes avec chaque résultat

Votre développement - résultats

Vous n’avez pas pris ce quiz